000 00490nam a2200229Ia 4500
003 IT-RoPAU
008 120407s9999 xx 000 0 und d
040 _aIT-RoPAU
040 _cIT-RoPAU
041 _aita
100 _aGiulio Preti
245 _aStoria del pensiero scientifico. 2a ed.
250 _aMilano
260 _aMondadori
260 _c1975
300 _a284 p.
300 _c20 cm
490 _aGli Oscar Studio
490 _v28
942 _cBK
999 _c31418
_d31418